Ethical conflict in psychology / Eric Y. Drogin. (Record no. 22419)

000 -LEADER
fixed length control field 00899nam a22001817a 4500
020 ## - INTERNATIONAL STANDARD BOOK NUMBER
ISBN 9781433829871
082 ## - DEWEY DECIMAL CLASSIFICATION NUMBER
Classification number 174.915
Item number D76456 2019
100 ## - MAIN ENTRY--AUTHOR NAME
Personal name Drogin, Eric Y., author.
245 ## - TITLE STATEMENT
Title Ethical conflict in psychology / Eric Y. Drogin.
250 ## - EDITION STATEMENT
Edition statement Fifth edition.
260 ## - PUBLICATION, DISTRIBUTION, ETC. (IMPRINT)
Place of publication Washington, DC :
Name of publisher American Psychological Association,
Year of publication 2019.
300 ## - PHYSICAL DESCRIPTION
Number of Pages 1 online resource, xvii, 841 pages.
500 ## - GENERAL NOTE
General note Includes bibliographical reference and index.
505 ## - FORMATTED CONTENTS NOTE
Formatted contents note Ethics codes and how they are enforced -- How ethics are applied -- Learning ethics -- Confidentiality, privilege, and privacy -- Multiple relationships -- Introduction -- Psychological assessment -- Therapy and other forms of intervention -- Academia, research, teaching, and supervision -- Forensic settings -- The business of psychology.
650 ## - SUBJECT ADDED ENTRY--TOPICAL TERM
Topical Term Psychology, Moral.
650 ## - SUBJECT ADDED ENTRY--TOPICAL TERM
Topical Term Ethical Aspects
942 ## - ADDED ENTRY ELEMENTS (KOHA)
Koha item type Electronic Books
Holdings
Source of acquisition Permanent Location Date acquired Collection code Koha item type Lost status Shelving location Withdrawn status Current Location Full call number
DonationCagayan State University - Carig Library2026-04-15E-BooksElectronic Books E-Resource Section Cagayan State University - Carig Library174.915 D76456 2019

Cagayan State University University Library, Carig Campus
Tuguegarao City, Cagayan 3500 | www.csucarig.edu.ph

Powered by Koha